| 000 | 00699nam a2200205 i 4500 | ||
|---|---|---|---|
| 001 | 148255 | ||
| 003 | ES-MaACL | ||
| 005 | 20250814013816.0 | ||
| 007 | t| | ||
| 008 | 070214s1981 xxkab |||| | eng d | ||
| 245 | 0 | 0 |
_aSpirit of enterprise _b: the 1981 Rolex Awards / _cedited by Gregory B. Stone ; foreword by Lord Hunt ; preface by André J. Heiniger. |
| 260 |
_aLondon : _bHarrap, _c[1981] ( _fArcata Book) |
||
| 300 |
_aXX, 460 p. : _bil. col. y n., mapas ; _c25 cm. |
||
| 650 | 0 | 4 |
_aInventos. _913884 |
| 650 | 0 | 7 |
_aCiencias _2embne _910971 |
| 700 | 1 |
_aStone, Gregory B. _9108305 |
|
| 700 | 1 |
_aHeiniger, Andre J. _9194853 |
|
| 852 |
_aES-MaACL _jL-3298 |
||
| 999 |
_c148255 _d148255 |
||